000 00816nam a2200229Ia 4500
999 _c54804
_d54804
003 GCL
005 20240530105316.0
008 140319s1992 ua 000 0 ara d
040 _aGCL /
_cGCL
082 0 4 _a920.71/
_bم أ
100 0 _aمحمد زينهم محمد عزب
245 1 0 _aالامام سحنون /
_cتاليف محمد زينهم محمد عزب ؛ تقديم حسين مؤنس
260 _aالقاهرة :
_bدار الفرجانى للنشر والتوزيع،
_c1992.
300 _a270 ص. ؛
_c24 سم.
650 0 7 _2qrmak
_aالاسلام
650 0 7 _2qrmak
_aالفقه المالكى
650 0 7 _2qrmak
_aالفقهاء
650 0 7 _2qrmak
_aالفقهاء المالكية
650 0 7 _2qrmak
_aالرجال
_vتراجم
700 0 _aحسين مؤنس
_eمقدم
942 _2ddc
_cBK